000 00588nam a2200205Ia 4500
005 20250508160703.0
008 008 250505s9999 xx 000 0 eng d
037 _aTextual
040 _aFEDL
_beng
_cFEDL
041 _aeng
_2eng
084 _a330, GIL
_qFEDL
100 _aGill Richard T.
245 0 _aEvolution of modern economics
260 _aEnglewood Cliffs, New Jersey, USA
_bPrentice - Hall
_c1967
300 _aviii,119p
490 _aFoundations of modern economics series
650 _aEconomics
942 _cTEXL
_h330, GIL
999 _c1366031
_d1366031